Les 20 meilleurs gardiens (football) en 2021. - Statistiques

Statistiques générales
  • Ce quiz a été pris 1 062 fois
  • Le résultat moyen est 14 sur 20
Statistiques - réponses
Classement Pays
(nationalité)
Championnat Club Nom % Correct
1 Allemagne Bundesliga Bayern Munich Manuel Neuer
97%
5 Belgique Laliga Real Madrid Thibaut Courtois
97%
6 France Premier League Tottenham Hugo Lloris
96%
2 Costa Rica Ligue 1 Paris (PSG) Keylor Navas
96%
4 Allemagne Laliga FC Barcelone Marc-André ter Stegen
94%
7 Brésil Premier League Manchester City Ederson
92%
3 Slovénie Laliga Atlético de Madrid Jan Oblak
91%
10 Brésil Premier League Liverpool Alisson Becker
89%
11 France Ligue 1 Lille (LOSC) Mike Maignan
85%
9 Sénégal Premier League Chelsea Edouard Mendy
82%
15 Maroc Laliga Séville FC Yassine Bounou
72%
18 Suisse Bundesliga Borussia Mönchengladbach Yann Sommer
70%
8 Italie Série A AC Milan Gianluigi Donnarumma
65%
12 Danemark Premier League Leicester City Kasper Schmeichel
63%
14 Portugal Premier League Wolverhampton (wolves) Rui Patricio
52%
17 Slovénie Série A Inter Milan Samir Handanovic
51%
19 Espagne Laliga Athletic Bilbao Unai Simon
41%
13 Pologne Série A Juventus Wojciech Szczesny
38%
20 Finlande Bundesliga Bayer Leverkusen Lukas Hradecky
28%
16 Angleterre Premier League Manchester United Dean Henderson
26%
Aucun quiz correspondant
Distribution des résultats
% des personnes avec chaque résultat
Percentile par nombre de réponses
Votre historique - résultats
Vous n’avez pas pris ce quiz